书目信息 |
| 题名: |
建筑工程概预算及电算化
|
|
| 作者: | 王维如 主编 | |
| 分册: | ||
| 出版信息: | 上海 同济大学出版社 1998.06 |
|
| 页数: | 281页 | |
| 开本: | 16开 | |
| 丛书名: | ||
| 单 册: | ||
| 中图分类: | ||
| 科图分类: | ||
| 主题词: | 建筑工程--施工组织 , 建筑工程--施工计划 | |
| 电子资源: | ||
| ISBN: | 7-5608-1918-4 | |
| 000 | 00636nam0 2200217 45 | |
| 001 | 9909141543 | |
| 005 | 19990914155124.5 | |
| 010 | @a7-5608-1918-4@d20.00元 | |
| 100 | @a19990914d1998 km y0chiy0120 ea | |
| 101 | @achi | |
| 105 | @a z 000yy | |
| 200 | 1 | @a建筑工程概预算及电算化@AJian Zhu Gong Cheng Gai Yu Suan Ji Dian Suan Hua@f王维如主编@FWang Wei Ru Zhu Bian |
| 210 | @a上海@c同济大学出版社@d1998.06 | |
| 215 | @a281页@d16开 | |
| 606 | 0 | @a建筑工程@x施工组织 |
| 606 | 0 | @a建筑工程@x施工计划 |
| 690 | @v3 | |
| 690 | @aTU723 | |
| 701 | @a王维如@4主编 | |
| 801 | @aCN@bPFTUser@c19990914 | |
| 905 | @f2@b40559-560@dTU723@eW745 | |
| 建筑工程概预算及电算化/王维如主编.-上海:同济大学出版社,1998.06 |
| 281页;16开 |
| ISBN 7-5608-1918-4:20.00元 |
| ● |
| 相关链接 |
|
|
|
正题名:建筑工程概预算及电算化
索取号:TU723/W745
 
预约/预借
| 序号 | 登录号 | 条形码 | 馆藏地/架位号 | 状态 | 备注 |
| 1 | 40559 | 200405597 | 建筑库201/201建筑库 30排4列4层/ [索取号:TU723/W745] | 在馆 | |
| 2 | 40560 | 200405604 | 建筑库201/ [索取号:TU723/W745] | 在馆 | |
| 3 | 45240 | 200452401 | 自科二线404/404自科库 12排4列1层/ [索取号:TU723/W745] | 在馆 | |
| 4 | 45241 | 200452410 | 自科二线404/404自科库 24排6列4层/ [索取号:TU723/W745] | 在馆 | |
| 5 | 45242 | 200452429 | 建筑库201/201建筑库 30排4列4层/ [索取号:TU723/W745] | 在馆 | |
| 6 | 45243 | 200452438 | 自科二线404/404自科库 12排4列1层/ [索取号:TU723/W745] | 在馆 |